000 00434nam a2200121 a 4500
008 120416s1972 xx |||||||||||||| || u
050 _aTD 430 Sme
100 _aSmethurst, George
245 1 0 _aBasic water treatment for application world wide
260 _c1972
350 _a0.00
995 _D0.00
_FCBU-MAIN LIBRARY (Kitwe)
_H1
_I13.95
_UAVAILABLE
_ZAnnex Low-Usage Collection
999 _c35634
_d35634